Leisure [
| Format: | Book |
|---|---|
| Subjects: |
MARC
| LEADER | 00000cam a2200000 7i4500 | ||
|---|---|---|---|
| 001 | 0000004799 | ||
| 005 | 20111219.0 | ||
| 040 | |a INS | ||
| 090 | 0 | 0 | |a VCD 469 |
| 245 | 0 | 0 | |a Leisure [ |h video disc] |
| 300 | |a 1 video disc (104 min.) : |b sd., col. ; |c 4 3/4 in. | ||
| 500 | |a Also available in vhs format: VHS 142 | ||
| 650 | 0 | |a Exercise | |
| 999 | |a VCD0000469 |b VIDEO CD |c Media Collection |e Default branch | ||